F1 Grand Prix winners in order of first victory - Statistics

General Stats
  • This quiz has been taken 24 times
  • The average score is 38 of 116
Answer Stats
Answer % Correct
Andrea Kimi Antonelli
79%
George Russell
71%
Giuseppe Farina
71%
Juan Manuel Fangio
71%
Lando Norris
71%
Oscar Piastri
71%
Carlos Sainz
64%
Charles Leclerc
64%
Esteban Ocon
64%
Max Verstappen
64%
Pierre Gasly
64%
Sebastian Vettel
64%
Sergio Pérez
64%
Jenson Button
57%
Lewis Hamilton
57%
Nico Rosberg
57%
Valtteri Bottas
57%
Fernando Alonso
50%
Pastor Maldonado
50%
Daniel Ricciardo
43%
Michael Schumacher
43%
Alain Prost
36%
Ayrton Senna
36%
Damon Hill
36%
Eddie Irvine
36%
Felipe Massa
36%
Giancarlo Fisichella
36%
Heikki Kovalainen
36%
Heinz-Harald Frentzen
36%
Jacques Villeneuve
36%
Jarno Trulli
36%
Juan Pablo Montoya
36%
Kimi Raikkonen
36%
Luigi Fagioli
36%
Mark Webber
36%
Mika Hakkinen
36%
Nelson Piquet
36%
Nigel Mansell
36%
Olivier Panis
36%
Robert Kubica
36%
Alan Jones
29%
Alberto Ascari
29%
Alessandro Nannini
29%
Bill Vukovich
29%
Carlos Reutemann
29%
Clay Regazzoni
29%
David Coulthard
29%
Denny Hulme
29%
Didier Pironi
29%
Elio De Angelis
29%
Emerson Fittipaldi
29%
François Cevert
29%
Gerhard Berger
29%
Giancarlo Baghetti
29%
Graham Hill
29%
Jack Brabham
29%
Jackie Stewart
29%
Jacky Ickx
29%
James Hunt
29%
Jean Alesi
29%
Jim Clark
29%
Jochen Rindt
29%
Jody Scheckter
29%
Johnny Herbert
29%
John Surtees
29%
José Froilán González
29%
Keke Rosberg
29%
Lorenzo Bandini
29%
Michele Alboreto
29%
Mike Hawthorn
29%
Niki Lauda
29%
Phil Hill
29%
Ralf Schumacher
29%
Riccardo Patrese
29%
Ronnie Peterson
29%
Rubens Barrichello
29%
Stirling Moss
29%
Thierry Boutsen
29%
Tony Brooks
29%
Wolfgang von Trips
29%
Bruce McLaren
21%
Carlos Pace
21%
Dan Gurney
21%
Gilles Villeneuve
21%
Gunnar Nilsson
21%
Jacques Laffite
21%
Jean-Pierre Jabouille
21%
Jo Bonnier
21%
Jochen Mass
21%
Johnnie Parsons
21%
John Watson
21%
Ludovico Scarfiotti
21%
Luigi Musso
21%
Mario Andretti
21%
Maurice Trintignant
21%
Patrick Tambay
21%
Pedro Rodríguez
21%
Peter Collins
21%
Piero Taruffi
21%
René Arnoux
21%
Richie Ginther
21%
Vittorio Brambilla
21%
Bob Sweikert
14%
Innes Ireland
14%
Jean-Pierre Beltoise
14%
Jo Siffert
14%
Lee Wallard
14%
Patrick Depailler
14%
Peter Gethin
14%
Peter Revson
14%
Sam Hanks
14%
Jimmy Bryan
7%
Jim Rathmann
7%
Pat Flaherty
7%
Rodger Ward
7%
Troy Ruttman
7%
No matching quizzes found
Score Distribution
Percent of People with Each Score
Percentile by Number Answered
Your Score History
You have not taken this quiz